000 00414cam a2200157ua 4500
003 OSt
008 241101b |||||||| |||| 00| 0 eng d
020 _a0 915586 94 0
041 _aeng
082 _a621.47
_bHAY/GU
100 _aHay, Nelson E .
_96385
245 _aGuide to new natural gas utilization technologies /
260 _aLilburn :
_bFairmont Press INC ,
_c1984.
300 _a359 ; .
942 _cBK
999 _c9845
_d9845